000 00468nam a2200157 a 4500
005 20140412111227.0
008 100122s19uu xx 00 eng d
020 _a0-439-85087-8
050 _aM 242.33
_bC212 2005
100 _aCanfield, Jack
245 _aChicken soup for the soul / :
_bThe book of Christmas Virtues /
_cJack Canfield.
260 _aU.S.A :
_bScholastic,
_c2005.
300 _a190p.
650 _aVirtues-
_xdevotional literature.
999 _c102065
_d102065